| 000 | 00884nac a22002411u 4500 | ||
|---|---|---|---|
| 010 | _a92070069 | ||
| 020 | _a0961462043 (pbk.) : | ||
| 082 | 0 | 0 |
_a618.175 _bW3942 |
| 090 |
_c1636 _d1636 |
||
| 100 | _aWeed, Susun S. | ||
| 245 | 1 | 0 |
_aMenopausal years : _bthe wise woman way / _cSusun S. Weed. |
| 260 |
_aWoodstock, N.Y. : _bAsh Tree Pub., _cc1992. |
||
| 300 |
_axxiii, 199 p. : _bill. ; _c22 cm. |
||
| 440 | 0 | _aWise woman ways | |
| 500 | _aDonations | ||
| 500 | _aDonations - Dr. Mostafa Gouda | ||
| 504 | _aIncludes bibliographical references and index. | ||
| 650 | 0 |
_aMenopause _xPopular works. |
|
| 650 | 0 |
_aMenopause _xComplications _xAlternative treatment. |
|
| 650 | 0 |
_aHerbs _xTherapeutic use. |
|
| 942 |
_cBB _k618.175W3942 |
||
| 999 |
_c1636 _d1636 |
||